|
|
|
|
| LEADER |
00999nam a2200229 a 4500 |
| 001 |
325755 |
| 008 |
090712s1962 enk b 000 0 eng d |
| 010 |
|
|
|a 62005117
|
| 020 |
|
|
|a 0195606779
|
| 040 |
|
|
|a DLC
|c WSU
|d SER
|d UKM
|d MUQ
|d OCLCQ
|d EQF
|
| 082 |
|
|
|a 801.9
|2 16
|
| 245 |
0 |
0 |
|a English critical texts :
|b 16th century to 20th century /
|c edited, with notes and an appendix of classical extracts, by D.J. Enright and Ernst de Chickera.
|
| 260 |
|
|
|a London :
|b Oxford University Press,
|c 1962.
|
| 300 |
|
|
|a 398 p. ;
|c 23 cm.
|
| 504 |
|
|
|a "Select bibliography:" p. 397-398.
|
| 541 |
1 |
|
|e 00009391
|
| 650 |
|
0 |
|a Criticism
|z Great Britain.
|
| 700 |
1 |
|
|a Enright, D. J.
|q (Dennis Joseph),
|d 1920-
|
| 700 |
1 |
|
|a De Chickera, Ernst.
|
| 852 |
4 |
|
|a Ayesha Abed Library
|j General Shelf.
|
| 999 |
|
|
|c 2291
|d 2291
|
| 952 |
|
|
|0 0
|1 0
|2 ddc
|4 0
|6 801_900000000000000_ENG_1962
|7 0
|9 2115
|a BRACUL
|b BRACUL
|c GEN
|d 2009-07-12
|g 0.00
|l 3
|o 801.9 ENG
|p 3010009391
|r 2018-10-21
|s 2018-10-20
|t 1
|w 2009-07-12
|y BK
|x No price found in the accession register.
|